000 00635nam a22002057a 4500
999 _c17856
_d17856
003 AR-CdUCM
008 190509b ||||| |||| 00| 0 spa d
040 _aMUNICIPALIDAD PROVINCIAL DEL CUSCO
_cBIBLIOTECA MUNICIPAL DEL CUSCO
082 _a868.38 /
_bM722
100 _aMolina, Tirso de
_910815
245 _aEl burlador de Sevilla y convidado de piedra /
260 _aLima :
_bContinental,
_c1966.
300 _a165 páginas :
_c17 cm.
505 _aContenido: Teatro español.
650 _aTeatro español
_9648
650 _aEdad de Oro
_9870
650 _aSevilla
_914995
942 _2ddc
_cLIBROS
945 _adavv
_d2019-05-09